书目信息 |
| 题名: |
给青春期孩子的10个礼物
|
|
| 作者: | 萨索 , 萨索 著 ;常慧文 译 | |
| 分册: | ||
| 出版信息: | 哈尔滨 黑龙江教育出版社 2017 |
|
| 页数: | 167页 | |
| 开本: | 23cm | |
| 丛书名: | ||
| 单 册: | ||
| 中图分类: | G479.2 | |
| 科图分类: | ||
| 主题词: | 青春期卫生--健康教育 | |
| 电子资源: | ||
| ISBN: | 978-7-5316-9590-5 | |
| 000 | 01335nam0 2200289 450 | |
| 001 | 252 | |
| 005 | 20180520202058.65 | |
| 010 | @a978-7-5316-9590-5@dCNY32.00 | |
| 100 | @a20171116d2017 em y0chiy50 ea | |
| 101 | 1 | @achi@ceng |
| 102 | @aCN@b230000 | |
| 105 | @ay z 000yy | |
| 200 | 1 | @a给青春期孩子的10个礼物@9gei qing chun qi hai zi de 10 ge li wu@d10 best gifts for your teen@f(美)史蒂夫·萨索,(美)派特·萨索著@g常慧文译@zeng |
| 210 | @a哈尔滨@c黑龙江教育出版社@d2017 | |
| 215 | @a167页@d23cm | |
| 300 | @a优教书系 | |
| 314 | @a史蒂夫·萨索 (Steve Saso),是一位颇受学生欢迎的高中教师,并担任校园管理工作近30年。 | |
| 314 | @a派特·萨索 (Patt Saso),是一位专业的婚姻家庭治疗师。 | |
| 330 | @a本书是一本有关青春期健康教育的书籍。书中讲述了:没有失败的孩子,只有失败的教育!家庭环境的影响对孩子的成长至关重要,萨索夫妇将专业知识与经验智慧相结合,为父母和教育工作者提供了实际而有效的指导。书中分享的10个礼物能够增进父母与孩子的亲子关系,解决青春期孩子的教育难题,让孩子与父母在互动中共同进步与成长。 | |
| 510 | 1 | @a10 best gifts for your teen@zeng |
| 606 | 0 | @a青春期卫生@x健康教育 |
| 690 | @aG479.2@v5 | |
| 701 | 0 | @c(美)@a萨索@9sa suo@c(Saso, Steve)@4著 |
| 701 | 0 | @c(美)@a萨索@9sa suo@c(Saso, Patt)@4著 |
| 702 | 0 | @a常慧文@9chang hui wen@4译 |
| 801 | 0 | @aCN@b91MARC@c20171116 |
| 905 | @aMuseLib@dG479.2@e120 | |
| 给青春期孩子的10个礼物=10 best gifts for your teen/(美)史蒂夫·萨索,(美)派特·萨索著/常慧文译.-哈尔滨:黑龙江教育出版社,2017 |
| 167页;23cm |
| 优教书系 |
| ISBN 978-7-5316-9590-5:CNY32.00 |
| 本书是一本有关青春期健康教育的书籍。书中讲述了:没有失败的孩子,只有失败的教育!家庭环境的影响对孩子的成长至关重要,萨索夫妇将专业知识与经验智慧相结合,为父母和教育工作者提供了实际而有效的指导。书中分享的10个礼物能够增进父母与孩子的亲子关系,解决青春期孩子的教育难题,让孩子与父母在互动中共同进步与成长。 |
| ● |
| 相关链接 |
|
|
|
|
正题名:给青春期孩子的10个礼物
索取号:G479.2/120
 
预约/预借
| 序号 | 登录号 | 条形码 | 馆藏地/架位号 | 状态 | 备注 |
| 1 | 1101450 | 211014506 | 第一样本阅览室/ [索取号:G479.2/120] | 在馆 | |
| 2 | 1101451 | 211014515 | 教育系资料室/ [索取号:G479.2/120] | 在馆 | |
| 3 | 1101452 | 211014524 | 教育系资料室/ [索取号:G479.2/120] | 在馆 | |
| 4 | 1101453 | 211014533 | 教育系资料室/ [索取号:G479.2/120] | 在馆 | |
| 5 | 1101454 | 211014542 | 第四借阅区/ [索取号:G479.2/120] | 在馆 | |
| 6 | 1101455 | 211014551 | 第四借阅区/ [索取号:G479.2/120] | 在馆 |